[Event "Reykjavik op"]
[Site "Reykjavik"]
[Date "2017.04.25"]
[Round "8"]
[White "Thorsteinsdottir, Svava"]
[Black "Thorsson, Pall"]
[Result "0-1"]
[WhiteElo "1358"]
[BlackElo "1688"]
[PlyCount "60"]
[EventDate "2017.04.19"]
[EventType "swiss"]
[EventRounds "10"]
[EventCountry "ISL"]
[SourceTitle "CBM 178 Extra"]
[Source "ChessBase"]
[SourceDate "2017.06.22"]
[SourceVersion "1"]
[SourceVersionDate "2017.06.22"]
[SourceQuality "1"]

1. d4 Nf6 2. c4 g6 3. Bg5 d6 4. Nc3 Bg7 5. Nf3 0-0 6. e3 Nbd7 7. Be2 c5 8. Qc2 Re8 9. Rd1 b6 10. 0-0 h6 11. Bh4 Bb7 12. a3 Nf8 13. d5 N6d7 14. Nd2 g5 15. Bg3 Ng6 16. Bh5 Ndf8 17. f4 gxf4 18. Bxf4 e5 19. dxe6 Rxe6 20. Bg4 Nxf4 21. exf4 Bd4+ 22. Kh1 Re3 23. Bf3 Bxf3 24. Rxf3 Qh4 25. Rdf1 Rae8 26. g3 Qh5 27. Nde4 Re1 28. R3f2 Bxf2 29. Nf6+ Kh8 30. Qd3 Bd4 0-1

[Event "Nordic-ch U16 Girls"]
[Site "Alta"]
[Date "2016.05.01"]
[Round "5"]
[White "Thorsteinsdottir, Svava"]
[Black "Davidsdottir, Nansy"]
[Result "0-1"]
[WhiteElo "1332"]
[BlackElo "1778"]
[PlyCount "46"]
[EventDate "2016.04.29"]
[EventType "swiss"]
[EventRounds "5"]
[EventCountry "NOR"]
[SourceTitle "EXT 2024"]
[Source "ChessBase"]
[SourceDate "2023.10.10"]
[SourceVersion "1"]
[SourceVersionDate "2023.10.10"]
[SourceQuality "1"]

1. d4 d5 2. c4 e6 3. Nc3 Nf6 4. Nf3 c6 5. e3 Nbd7 6. Bd3 Bd6 7. 0-0 Qe7 8. Nd2 e5 9. dxe5 Nxe5 10. Be2 dxc4 11. Nxc4 Nxc4 12. Bxc4 0-0 13. Re1 Bc7 14. Bd2 Be6 15. Bxe6 Qxe6 16. f3 Rad8 17. Qe2 Qd6 18. g3 Qxd2 19. Qxd2 Rxd2 20. Rab1 Rfd8 21. Red1 Bb6 22. Re1 Ba5 23. Red1 Bxc3 0-1

[Event "Nordic-ch U16 Girls"]
[Site "Alta"]
[Date "2016.04.30"]
[Round "3"]
[White "Johansson, Elizabeth"]
[Black "Thorsteinsdottir, Svava"]
[Result "1/2-1/2"]
[WhiteElo "1440"]
[BlackElo "1332"]
[PlyCount "81"]
[EventDate "2016.04.29"]
[EventType "swiss"]
[EventRounds "5"]
[EventCountry "NOR"]
[SourceTitle "EXT 2024"]
[Source "ChessBase"]
[SourceDate "2023.10.10"]
[SourceVersion "1"]
[SourceVersionDate "2023.10.10"]
[SourceQuality "1"]

1. e4 e5 2. Nf3 Nc6 3. Bc4 Bc5 4. c3 Nf6 5. d3 d6 6. Bb3 Bg4 7. Nbd2 0-0 8. Nf1 h6 9. Ng3 Re8 10. h3 Be6 11. Bc2 d5 12. exd5 Qxd5 13. 0-0 Re7 14. Nh4 Qd7 15. Qf3 Bd5 16. Ne4 Nxe4 17. dxe4 Be6 18. Qg3 Kh7 19. Nf5 Bxf5 20. exf5 f6 21. Qg6+ Kh8 22. Bxh6 Qe8 23. Qxe8+ Raxe8 24. Be3 Bb6 25. Be4 Rd8 26. Rfd1 Red7 27. Rxd7 Rxd7 28. Bxc6 bxc6 29. Kf1 Kh7 30. Ke2 e4 31. Bxb6 cxb6 32. Rd1 Rxd1 33. Kxd1 Kh6 34. Ke2 Kg5 35. g4 Kf4 36. b3 a6 37. a3 c5 38. a4 Ke5 39. Ke3 Kd5 40. f4 exf3 41. Kxf3 1/2-1/2

[Event "Nordic-ch U16 Girls"]
[Site "Alta"]
[Date "2016.04.30"]
[Round "4"]
[White "Nass, Sara"]
[Black "Thorsteinsdottir, Svava"]
[Result "1-0"]
[WhiteElo "1773"]
[BlackElo "1332"]
[PlyCount "53"]
[EventDate "2016.04.29"]
[EventType "swiss"]
[EventRounds "5"]
[EventCountry "NOR"]
[SourceTitle "EXT 2024"]
[Source "ChessBase"]
[SourceDate "2023.10.10"]
[SourceVersion "1"]
[SourceVersionDate "2023.10.10"]
[SourceQuality "1"]

1. e4 e5 2. Nf3 Nc6 3. Bb5 a6 4. Ba4 Nf6 5. 0-0 b5 6. Bb3 Bc5 7. d3 d6 8. c3 0-0 9. Bg5 h6 10. Bh4 Bg4 11. h3 Bh5 12. Nbd2 a5 13. a4 b4 14. Re1 Re8 15. Bd5 Ra6 16. Bc4 Rb6 17. Bb5 Qd7 18. Nc4 Ra8 19. Nxb6 cxb6 20. Bxc6 Qxc6 21. d4 bxc3 22. dxc5 bxc5 23. Bxf6 gxf6 24. bxc3 Kh7 25. Qd5 Qa6 26. Nh4 Bg6 27. Nxg6 1-0

[Event "Nordic-ch U16 Girls"]
[Site "Alta"]
[Date "2016.04.29"]
[Round "1"]
[White "Merkesvik, Amalie Isabel"]
[Black "Thorsteinsdottir, Svava"]
[Result "1-0"]
[WhiteElo "1646"]
[BlackElo "1332"]
[PlyCount "51"]
[EventDate "2016.04.29"]
[EventType "swiss"]
[EventRounds "5"]
[EventCountry "NOR"]
[SourceTitle "EXT 2024"]
[Source "ChessBase"]
[SourceDate "2023.10.10"]
[SourceVersion "1"]
[SourceVersionDate "2023.10.10"]
[SourceQuality "1"]

1. e4 e5 2. Nf3 Nc6 3. Bc4 Bc5 4. d3 Nf6 5. 0-0 0-0 6. c3 d6 7. a4 a5 8. Nbd2 Be6 9. h3 h6 10. Re1 Qc8 11. Bb3 Ne7 12. Nf1 Ng6 13. Bxe6 fxe6 14. Qe2 Nh5 15. d4 Bb6 16. Ng3 Nhf4 17. Bxf4 Nxf4 18. Qd2 Nxh3+ 19. Kh2 Ng5 20. Nxg5 hxg5 21. Qxg5 Rxf2 22. Rf1 Rf7 23. Rxf7 Kxf7 24. Rf1+ Kg8 25. Nh5 Qd7 26. Nf6+ 1-0

[Event "Reykjavik op"]
[Site "Reykjavik"]
[Date "2016.03.16"]
[Round "10"]
[White "Ragnarsson, Heimir Pall"]
[Black "Thorsteinsdottir, Svava"]
[Result "1-0"]
[WhiteElo "1527"]
[BlackElo "1332"]
[PlyCount "82"]
[EventDate "2016.03.08"]
[EventType "swiss"]
[EventRounds "10"]
[EventCountry "ISL"]
[SourceTitle "CBM 171 Extra"]
[Source "ChessBase"]
[SourceDate "2016.04.26"]
[SourceVersion "1"]
[SourceVersionDate "2016.04.26"]
[SourceQuality "1"]

1. c4 e5 2. g3 Nf6 3. Bg2 Nc6 4. Nc3 g6 5. d3 Bg7 6. Nf3 d6 7. 0-0 0-0 8. Rb1 Bg4 9. b4 Rb8 10. a4 b6 11. h3 Bd7 12. Bd2 Qc8 13. Kh2 Re8 14. e4 Nd4 15. Nxd4 exd4 16. Ne2 c5 17. b5 Re7 18. a5 a6 19. bxa6 Qxa6 20. axb6 Rxb6 21. Ra1 Qc8 22. Bf4 Qc7 23. Qc2 Rb8 24. Ra2 Ree8 25. Rfa1 Bc6 26. Ra6 h6 27. e5 dxe5 28. Rxc6 Qd7 29. Rxc5 exf4 30. Nxf4 g5 31. Nd5 Nxd5 32. Rxd5 Qc7 33. Raa5 Re5 34. Qa4 Bf8 35. Ra7 Qb6 36. Ra6 Qc7 37. Ra7 Qb6 38. Rdd7 Rf5 39. Rxf7 Rxf7 40. Bd5 Qf6 41. Rxf7 Qxf7 1-0

[Event "Reykjavik op"]
[Site "Reykjavik"]
[Date "2016.03.15"]
[Round "9"]
[White "Thorsteinsdottir, Svava"]
[Black "Sigurvaldason, Hjalmar"]
[Result "0-1"]
[WhiteElo "1332"]
[BlackElo "1426"]
[PlyCount "56"]
[EventDate "2016.03.08"]
[EventType "swiss"]
[EventRounds "10"]
[EventCountry "ISL"]
[SourceTitle "CBM 171 Extra"]
[Source "ChessBase"]
[SourceDate "2016.04.26"]
[SourceVersion "1"]
[SourceVersionDate "2016.04.26"]
[SourceQuality "1"]

1. d4 Nf6 2. c4 e6 3. Nc3 Bb4 4. Bd2 b6 5. a3 Bxc3 6. Bxc3 Bb7 7. e3 0-0 8. Nf3 Ne4 9. Nd2 Nxc3 10. bxc3 f5 11. Nf3 d6 12. Be2 Nd7 13. 0-0 Qe7 14. d5 e5 15. Qc2 Nc5 16. Nd2 e4 17. f3 exf3 18. Rxf3 Rae8 19. Nf1 f4 20. Rc1 fxe3 21. Rh3 g6 22. Nxe3 Bc8 23. Rg3 Ne4 24. Rf3 Rxf3 25. Bxf3 Ng5 26. Ng4 Bxg4 27. Bxg4 Qe3+ 28. Kh1 Qe1+ 0-1

[Event "Reykjavik op"]
[Site "Reykjavik"]
[Date "2016.03.14"]
[Round "8"]
[White "Thorsteinsdottir, Svava"]
[Black "Hrafnsson, Hreinn"]
[Result "0-1"]
[WhiteElo "1332"]
[BlackElo "1651"]
[PlyCount "45"]
[EventDate "2016.03.08"]
[EventType "swiss"]
[EventRounds "10"]
[EventCountry "ISL"]
[SourceTitle "CBM 171 Extra"]
[Source "ChessBase"]
[SourceDate "2016.04.26"]
[SourceVersion "1"]
[SourceVersionDate "2016.04.26"]
[SourceQuality "1"]

1. d4 Nf6 2. c4 e6 3. Nc3 d5 4. e3 b6 5. Nf3 Bb7 6. cxd5 exd5 7. Bd3 Nbd7 8. 0-0 Bb4 9. Bd2 0-0 10. a3 Bd6 11. Qc2 Re8 12. Rfe1 Ne4 13. h3 Ndf6 14. Nh2 Bxh2+ 15. Kxh2 Nxf2 16. Be2 Qd6+ 17. Kg1 N6e4 18. Nxe4 Nxe4 19. Bb4 c5 20. dxc5 bxc5 21. Ba5 Qg3 22. Bf3 Ng5 23. Qf2 0-1

[Event "Reykjavik op"]
[Site "Reykjavik"]
[Date "2016.03.11"]
[Round "5"]
[White "Haraldsson, Oskar"]
[Black "Thorsteinsdottir, Svava"]
[Result "1-0"]
[WhiteElo "1765"]
[BlackElo "1332"]
[PlyCount "59"]
[EventDate "2016.03.08"]
[EventType "swiss"]
[EventRounds "10"]
[EventCountry "ISL"]
[SourceTitle "CBM 171 Extra"]
[Source "ChessBase"]
[SourceDate "2016.04.26"]
[SourceVersion "1"]
[SourceVersionDate "2016.04.26"]
[SourceQuality "1"]

1. e4 e5 2. Nf3 Nc6 3. Bb5 a6 4. Ba4 b5 5. Bb3 Bc5 6. 0-0 Nf6 7. d3 d6 8. h3 0-0 9. a4 Bd7 10. Re1 h6 11. c3 Ne7 12. Nbd2 Qc8 13. Nf1 Ng6 14. d4 Bb6 15. axb5 axb5 16. Rxa8 Qxa8 17. Ng3 Re8 18. Qd3 Qc8 19. dxe5 dxe5 20. Nf5 Nxe4 21. Nxh6+ gxh6 22. Qxe4 Kg7 23. Bxh6+ Kxh6 24. Bxf7 Bf5 25. Qc6 Re7 26. Nxe5 Kg7 27. Bxg6 Bxg6 28. Qxg6+ Kf8 29. Qf6+ Ke8 30. Qh8# 1-0

[Event "Reykjavik op"]
[Site "Reykjavik"]
[Date "2016.03.09"]
[Round "2"]
[White "Kolka, Dawid"]
[Black "Thorsteinsdottir, Svava"]
[Result "1-0"]
[WhiteElo "1891"]
[BlackElo "1332"]
[PlyCount "79"]
[EventDate "2016.03.08"]
[EventType "swiss"]
[EventRounds "10"]
[EventCountry "ISL"]
[SourceTitle "CBM 171 Extra"]
[Source "ChessBase"]
[SourceDate "2016.04.26"]
[SourceVersion "1"]
[SourceVersionDate "2016.04.26"]
[SourceQuality "1"]

1. e4 e5 2. Nf3 Nc6 3. Bb5 a6 4. Bxc6 dxc6 5. 0-0 Bd6 6. h3 Nf6 7. d3 Be6 8. Bg5 h6 9. Bh4 g5 10. Bg3 Nd7 11. d4 f6 12. Qe2 Qe7 13. Rd1 0-0-0 14. c4 exd4 15. Bxd6 cxd6 16. Nxd4 h5 17. Nd2 Rdg8 18. Qe3 h4 19. f3 Ne5 20. Rac1 Qd7 21. Nxe6 Qxe6 22. Re1 g4 23. fxg4 Nxg4 24. hxg4 Qxg4 25. Re2 h3 26. Qf3 Qg5 27. Qf5+ Qxf5 28. exf5 Rh5 29. Rf1 Rhg5 30. Rff2 d5 31. b3 d4 32. Ne4 Rxg2+ 33. Rxg2 hxg2 34. Rxg2 Rh8 35. Rd2 Rh4 36. Rxd4 Rg4+ 37. Kf2 Kc7 38. Nc5 Rg8 39. Rd7+ Kb6 40. b4 1-0